01863cam a2200301 a 450000100090000000300040000900500170001300800410003001000170007102000490008802000460013702000640018302000610024703500240030804000170033205000150034908200150036410000220037924501020040125000130050326000410051630000400055750000220059750508670061965000270148670000220151370000260153516254877OSt20221124124218.0100527s2011 nyua 001 0 eng  a 2010022237 a9780073530727 (student edition : alk. paper) a0073530727 (student edition : alk. paper) a9780077316167 (annotated instructor's edition : alk. paper) a0077316169 (annotated instructor's edition : alk. paper) a(OCoLC)ocn633146830 aDLCcLCdDLC00aHG4026.B5800a658.152221 aBlock, Stanley B.10aFoundations of financial management. /cStanley B. Block, Geoffrey A. Hirt, Bartley R. Danielsen. a14th ed. aNew York:bMcGraw-Hill/Irwin,c2011. axxix, 672 p. :bcol. ill. ;c26 cm. aIncludes indexes. aContents: Introduction: The goals and functions of financial management -- Financial analysis and planning: Review of accounting -- Financial analysis -- Financial forecasting -- Operating and financial leverage -- Working capital management: Working capital and the financing decision -- Current asset management -- Sources of short-term financing -- The capital budgeting process: The time value of money -- Valuation and rates of return -- Cost of capital -- The capital budgeting decision -- Risk and capital budgeting -- Long-term financing: Capital markets -- Investment banking: public and private financing -- Common and preferred stock financing -- Dividend policy and retained earnings -- Convertibles, warrants and derivatives -- Expanding the perspective of corporate finance: External growth through mergers -- International financial management --  0aCorporationsxFinance.1 aHirt, Geoffrey A.1 aDanielsen, Bartley R.